000 00618nam a22001337a 4500
008 110624t xxu||||| |||| 00| 0 eng d
010 _aHCCSF-97
245 _aHigh Court Civil Suit No.659 of 2005 Paul Byekwaso Vs Joseph Kaweesi Kityo.
260 _c2005
500 _aBefore: The Hon. Lady Justice M.S Arach Amoko
999 _c3871
_d3871